• 首页
  • 本馆介绍
  • 公告通知
  • 最新文献
  • 馆藏检索
  • 电子资源
  • 读者导购
  • 参考咨询
  • 我的图书馆
  • 登录
  • 详细信息显示
  • 放入我的书架
  • 预约/预借图书
  • 作者相关作品
  • 分类相关作品
  • 丛书相关作品
  • 出版社相关作品

书目信息

  • 表格格式
  • 工作单格式
  • 卡片格式
题名:
黏合剂配方与制备
    
 
作者: 孙玉绣 , 张国刚 , 冯雪 编写
分册:  
出版信息: 北京   中国纺织出版社  2015
页数: 175页
开本: 21cm
丛书名:
单 册:
中图分类: TQ430.6
科图分类:
主题词: 胶粘剂--Jiao Nian Ji--配方 , 胶粘剂--Jiao Zhan Ji--生产工艺
电子资源:
ISBN: 978-7-5180-1972-4
000 01072nam0 2200289 45
001 012001002838
005 20131015171531.0
010    @a978-7-5180-1972-4@dCNY68.00
099    @aCAL 012015151446
100    @a20151125d2015 em y0chiy50 ea
101 0  @achi
102    @aCN@b110000
105    @ay a 000yy
106    @ar
200 1  @a黏合剂配方与制备@ANian He Ji Pei Fang Yu Zhi Bei@f孙玉绣, 张国刚, 冯雪等编写
210    @a北京@c中国纺织出版社@d2015
215    @a175页@d21cm
320    @a有书目 (第172-175页)
330    @a本书参考近年的期刊、图书、专利等,从数千种产品中筛选了多种新型黏合剂汇编成册。内容涉及木材黏合剂、纸品黏合剂、金属黏合剂、建筑黏合剂、机械加工黏合剂、橡胶黏合剂、鞋类黏合剂、电子工业黏合剂、卷烟黏合剂、专用黏合剂及多用黏合剂等。
606 0  @a胶粘剂@AJiao Nian Ji@x配方
606 0  @a胶粘剂@AJiao Zhan Ji@x生产工艺
690    @aTQ430.6@v4
701  0 @a孙玉绣@ASun Yu Xiu@4编写
701  0 @a张国刚@AZhang Guo Gang@4编写
701  0 @a冯雪@AFeng Xue@4编写
801  0 @aCN@b北京卓展@c20191020
905    @b1205914-7@dTQ430.6@e16@f4
    
    黏合剂配方与制备/孙玉绣, 张国刚, 冯雪等编写.-北京:中国纺织出版社,2015
    175页;21cm
    
    
    ISBN 978-7-5180-1972-4:CNY68.00
    本书参考近年的期刊、图书、专利等,从数千种产品中筛选了多种新型黏合剂汇编成册。内容涉及木材黏合剂、纸品黏合剂、金属黏合剂、建筑黏合剂、机械加工黏合剂、橡胶黏合剂、鞋类黏合剂、电子工业黏合剂、卷烟黏合剂、专用黏合剂及多用黏合剂等。
●
相关链接 在E读中查询图书 在五车中查询图书 在当当中查询图书 在豆瓣中查询图书


正题名:黏合剂配方与制备     索取号:TQ430.6/16         预约/预借

序号 登录号 条形码 馆藏地/架位号 状态 备注
1 1205914   212059145   第二样本阅览室/ [索取号:TQ430.6/16] 在馆    
2 1205915   212059154   第三借阅区/ [索取号:TQ430.6/16] 在馆    
3 1205916   212059163   第三借阅区/ [索取号:TQ430.6/16] 在馆    
4 1205917   212059172   第三借阅区/ [索取号:TQ430.6/16] 在馆    
唐山师范学院图书馆 欢迎您!
大连网信软件有限公司© 版权所有